00592cam a22002291 4500001001300000003000400013005001700017008004100034010001700075035002000092040001800112042001200130043001200142050001700154100004100171245003800212260001100250300001900261500001700280650004800297999001700345sa 67001097 DLC20260227112319.0900116s1966 ii 000 0 gujo  asa 67001097  a(OCoLC)20908437 aDLCcWaUdDLC apremarc aa-ii---00aPK1850b.M321 aMadia, Chunilal Kalidas,d1922-1968.10aŚāhamr̥ga-suvarṇamr̥g̣a. c[1966] a208 p.c19 cm. aIn Gujarati. 0aGujarati literaturexHistory and criticism. c72377d72377